Normal view
MARC view
- Wakhi language
Entry Topical Term
001 - CONTROL NUMBER
- control field: 5116
003 - CONTROL NUMBER IDENTIFIER
- control field: NUST
005 - DATE AND TIME OF LATEST TRANSACTION
- control field: 20170929104845.0
008 - FIXED-LENGTH DATA ELEMENTS
- fixed length control field: 170929|| aca||aabn | a|a d
040 ## - CATALOGING SOURCE
- Original cataloging agency: NUST
- Transcribing agency: NUST
150 ## - HEADING--TOPICAL TERM
- Topical term or geographic name entry element: Wakhi language
- General subdivision: Social aspects
- Geographic subdivision: Pakistan
- Geographic subdivision: Gilgit-Baltistān.
670 ## - SOURCE DATA FOUND
- Source citation: Work cat.: (NUST)0: Malik, Nadeem Shafiq, author. 336, A sociolinguistic study of Wakhi language of Northern Pakistan /
